000 00835nas a2200265 4500
001 BR9705522
003 BR-BrBNA
005 20231205100645.0
007 ta
008 230509b bl.|||p| |||| 00| 00por d
040 _aBR-BrBNA
_bpor
_cBiblioteca Nacional de Agricultura
041 _a(Pt)
072 _aF04
100 1 _aChichorro, J.F.
100 1 _aRezende J.L.P. de
100 1 _aCecon, P.R.
100 1 _aBarros, N.F. de
245 1 _aEfeito do fertilizante na produtividade e economicidade do Eucalyptus grandis, no municipio de Martinho Campos, Minas Gerais
650 _aEucalipto
650 _aFertilizante
650 _aAnalise Economica
773 0 _tRevista Arvore (Brazil)
_xISSN 0100-6762
_g(Jan-Apr 1994), v. 18(1) p. 33-44
_wBR9705522
909 _a202311
_bLúcia
_c55
_dLúcia Elande
942 _2AGRIS
_n0
_cANA
999 _c157276
_d157276